[Event "Vaujany op-A 6th"]
[Site "Vaujany"]
[Date "2015.07.17"]
[Round "9"]
[White "Baudin, Frederic"]
[Black "Gazik, Igor"]
[Result "1/2-1/2"]
[WhiteElo "2025"]
[BlackElo "2320"]
[PlyCount "88"]
[EventDate "2015.07.09"]
[EventType "swiss"]
[EventRounds "9"]
[EventCountry "FRA"]
[SourceTitle "EXT 2016"]
[Source "ChessBase"]
[SourceDate "2015.10.08"]
[SourceVersion "1"]
[SourceVersionDate "2015.10.08"]
[SourceQuality "1"]

1. e4 c5 2. c3 Nf6 3. e5 Nd5 4. d4 cxd4 5. Nf3 Nc6 6. Bc4 Nb6 7. Bb3 d6 8. exd6 Qxd6 9. 0-0 d3 10. Na3 Bf5 11. Nb5 Qd8 12. Bf4 Rc8 13. Re1 e6 14. Nfd4 Nxd4 15. Nxd4 Rc5 16. Qf3 Be7 17. Qxb7 0-0 18. Nc6 Rxc6 19. Qxc6 Bg5 20. Qf3 Bf6 21. Rad1 Qd7 22. g4 Bg6 23. Qg3 Rd8 24. h4 h6 25. h5 Bh7 26. Be5 Bxe5 27. Qxe5 Qc6 28. g5 Nc4 29. Bxc4 Qxc4 30. gxh6 gxh6 31. Re3 Kf8 32. Qh8+ Ke7 33. Qxh7 Qg4+ 34. Kh2 Qxh5+ 35. Rh3 Qxd1 36. Qxh6 Qg4 37. Rg3 Qe4 38. Qg5+ Ke8 39. Qb5+ Ke7 40. Qc5+ Kd7 41. Qxa7+ Kc8 42. Qc5+ Kb7 43. Qb5+ Kc7 44. Qa5+ Kc8 1/2-1/2

[Event "Vaujany op-A 6th"]
[Site "Vaujany"]
[Date "2015.07.09"]
[Round "1"]
[White "Baudin, Frederic"]
[Black "Navrotescu, Catalin"]
[Result "0-1"]
[WhiteElo "2025"]
[BlackElo "2407"]
[PlyCount "106"]
[EventDate "2015.07.09"]
[EventType "swiss"]
[EventRounds "9"]
[EventCountry "FRA"]
[SourceTitle "EXT 2016"]
[Source "ChessBase"]
[SourceDate "2015.10.08"]
[SourceVersion "1"]
[SourceVersionDate "2015.10.08"]
[SourceQuality "1"]

1. e4 c5 2. c3 d5 3. exd5 Qxd5 4. d4 Nf6 5. Nf3 e6 6. Na3 Be7 7. Be2 0-0 8. 0-0 Nc6 9. Nb5 Qd8 10. dxc5 Bxc5 11. Bf4 a6 12. Nbd4 Bd7 13. Nb3 Bb6 14. Bg5 Qe7 15. Qc2 h6 16. Bh4 g5 17. Bg3 Nh5 18. Rad1 Nxg3 19. hxg3 e5 20. Bc4 Kg7 21. Rfe1 Rad8 22. Bd5 Qf6 23. Nbd2 Rfe8 24. Ne4 Qg6 25. Qb3 Na5 26. Qb4 Bc7 27. Qc5 Nc6 28. Bb3 Bf5 29. Rxd8 Rxd8 30. Bc2 Qe6 31. Bb3 Qd7 32. Qe3 Qe7 33. Bc2 Bc8 34. Ned2 f5 35. g4 fxg4 36. Qe4 Kh8 37. Nd4 exd4 38. Qxe7 Nxe7 39. Rxe7 d3 40. Bd1 Bd6 41. Re1 g3 42. fxg3 Bxg3 43. Rf1 Re8 44. Nf3 Kg7 45. Bb3 Re2 46. Bc4 Rxb2 47. Bxd3 Rxa2 48. Nd4 Bf4 49. Bc4 Ra3 50. Ne2 Bd6 51. Rf7+ Kg6 52. Rf1 Bg4 53. Bd3+ Kg7 0-1

[Event "Plancoet op 11th"]
[Site "Plancoet"]
[Date "2014.07.29"]
[Round "4"]
[White "Baudin, Frederic"]
[Black "Rjabzev, Konstantin"]
[Result "0-1"]
[WhiteElo "2001"]
[BlackElo "2308"]
[PlyCount "102"]
[EventDate "2014.07.27"]
[EventType "swiss"]
[EventRounds "9"]
[EventCountry "FRA"]
[SourceTitle "CBM 161 Extra"]
[Source "ChessBase"]
[SourceDate "2014.08.29"]
[SourceVersion "1"]
[SourceVersionDate "2014.08.29"]
[SourceQuality "1"]

1. e4 e5 2. f4 Qh4+ 3. g3 Qe7 4. fxe5 d6 5. Nc3 dxe5 6. Bg2 Nf6 7. Nf3 Bg4 8. d3 Nc6 9. h3 Bxf3 10. Qxf3 Nd4 11. Qf2 Qc5 12. Bg5 Be7 13. Bxf6 Bxf6 14. 0-0 c6 15. Kh1 0-0-0 16. Rfc1 Bg5 17. Rf1 Rhf8 18. h4 Bh6 19. Bh3+ Kc7 20. Qh2 Kb8 21. Rf2 Be3 22. Rff1 h5 23. Rae1 Bh6 24. Rf2 g5 25. hxg5 Bxg5 26. Ref1 f6 27. Na4 Qe7 28. c3 Nb5 29. Rf3 Nc7 30. b4 h4 31. g4 Ne6 32. Qc2 Bf4 33. R3f2 Bg3 34. Rd2 Rg8 35. Qd1 Rg6 36. Nc5 Nf4 37. Bg2 Nxg2 38. Rxg2 Rdg8 39. Qf3 b6 40. Nb3 Rxg4 41. Qxf6 Qxf6 42. Rxf6 h3 43. Rg1 h2 44. Rg2 Kc7 45. Nc1 Rf4 46. Rxf4 exf4 47. Ne2 f3 48. Rxg3 fxe2 49. Rxg8 e1Q+ 50. Kxh2 Qxc3 51. Rg3 Qxb4 0-1

[Event "Brest op"]
[Site "Brest"]
[Date "2012.04.07"]
[Round "2.2"]
[White "Tranvouez, Pierre"]
[Black "Baudin, Frederic"]
[Result "0-1"]
[WhiteElo "1809"]
[BlackElo "2073"]
[PlyCount "44"]
[EventDate "2012.04.??"]
[EventType "swiss"]
[EventRounds "7"]
[EventCountry "FRA"]
[SourceTitle "EXT 2014"]
[Source "ChessBase"]
[SourceDate "2013.11.20"]
[SourceVersion "1"]
[SourceVersionDate "2013.11.20"]
[SourceQuality "1"]

1. e4 e5 2. Bc4 Nf6 3. Nc3 Nc6 4. Nf3 Nxe4 5. Nxe4 d5 6. Bxd5 Qxd5 7. Nc3 Qd8 8. d3 Bg4 9. Qe2 Bd6 10. Be3 0-0 11. 0-0-0 Nd4 12. Bxd4 exd4 13. Ne4 Bf4+ 14. Kb1 f5 15. Ned2 Re8 16. Qf1 Qd5 17. h3 Bh5 18. g4 Bf7 19. b3 a5 20. gxf5 Bh5 21. Qg2 Bxd2 22. f6 Bh6 0-1

[Event "Quimper op 1st"]
[Site "Quimper"]
[Date "2010.10.31"]
[Round "4"]
[White "Baudin, Frederic"]
[Black "Berthou, Patrick"]
[Result "1-0"]
[WhiteElo "2096"]
[BlackElo "1696"]
[PlyCount "65"]
[EventDate "2010.10.30"]
[EventType "swiss"]
[EventRounds "7"]
[EventCountry "FRA"]
[SourceTitle "EXT 2012"]
[Source "ChessBase"]
[SourceDate "2011.11.24"]
[SourceVersion "1"]
[SourceVersionDate "2011.11.24"]
[SourceQuality "1"]

1. e4 c5 2. Nc3 Nc6 3. f4 d6 4. Nf3 a6 5. g3 e6 6. Bg2 Bd7 7. 0-0 b5 8. d3 b4 9. Ne2 e5 10. c3 Bg4 11. h3 Bxf3 12. Bxf3 bxc3 13. bxc3 Rb8 14. Qa4 Qb6 15. Be3 Qb5 16. Qxb5 Rxb5 17. Rfb1 Kd7 18. a4 Rxb1+ 19. Rxb1 Kc7 20. d4 f6 21. Bg4 Nh6 22. Be6 Nd8 23. Bc4 a5 24. dxc5 dxc5 25. Nc1 Nhf7 26. Nd3 Nd6 27. Bd5 N6b7 28. fxe5 fxe5 29. Nxe5 Bd6 30. Nf7 Rf8 31. Nxd6 Nxd6 32. Bxc5 Rf3 33. e5 1-0

[Event "NATO-ch 21st"]
[Site "Koge"]
[Date "2010.10.21"]
[Round "6"]
[White "Baudin, Frederic"]
[Black "Christen, Pierre"]
[Result "1/2-1/2"]
[WhiteElo "2096"]
[BlackElo "2007"]
[PlyCount "46"]
[EventDate "2010.10.18"]
[EventType "swiss"]
[EventRounds "7"]
[EventCountry "DEN"]
[SourceTitle "EXT 2011"]
[Source "ChessBase"]
[SourceDate "2010.11.26"]
[SourceVersion "1"]
[SourceVersionDate "2010.11.26"]
[SourceQuality "1"]

1. e4 c6 2. d4 d5 3. Nc3 dxe4 4. Bc4 Nf6 5. f3 exf3 6. Nxf3 e6 7. 0-0 Nbd7 8. Qe1 Nb6 9. Bd3 Bd6 10. Bg5 h6 11. Qh4 Rg8 12. Bd2 Nbd5 13. Ne4 Nxe4 14. Qxe4 Qc7 15. c4 Nf6 16. Qe2 Bd7 17. b4 0-0-0 18. a4 Bf4 19. Ne5 Bxd2 20. Qxd2 Be8 21. c5 Rxd4 22. Nc4 Qd8 23. Nd6+ Rxd6 1/2-1/2

[Event "NATO-ch 21st"]
[Site "Koge"]
[Date "2010.10.20"]
[Round "4"]
[White "Baudin, Frederic"]
[Black "Kocur, Marc"]
[Result "1-0"]
[WhiteElo "2096"]
[BlackElo "1890"]
[PlyCount "47"]
[EventDate "2010.10.18"]
[EventType "swiss"]
[EventRounds "7"]
[EventCountry "DEN"]
[SourceTitle "EXT 2011"]
[Source "ChessBase"]
[SourceDate "2010.11.26"]
[SourceVersion "1"]
[SourceVersionDate "2010.11.26"]
[SourceQuality "1"]

1. e4 c6 2. d4 d5 3. Nc3 dxe4 4. Bc4 Nf6 5. f3 Qa5 6. fxe4 Bg4 7. Nf3 e5 8. Qd3 Bxf3 9. gxf3 Nbd7 10. Be3 b5 11. Bb3 Rd8 12. 0-0-0 Be7 13. Qe2 0-0 14. dxe5 Nxe5 15. Rxd8 Rxd8 16. f4 Ned7 17. e5 Ne8 18. Kb1 Bc5 19. e6 fxe6 20. Bxe6+ Kh8 21. Bxd7 Nf6 22. Bxc5 Nxd7 23. Qe7 b4 24. Bxb4 1-0

[Event "NATO-ch 21st"]
[Site "Koge"]
[Date "2010.10.19"]
[Round "2"]
[White "Baudin, Frederic"]
[Black "Oltean, Gusztav"]
[Result "0-1"]
[WhiteElo "2096"]
[BlackElo "2152"]
[PlyCount "94"]
[EventDate "2010.10.18"]
[EventType "swiss"]
[EventRounds "7"]
[EventCountry "DEN"]
[SourceTitle "EXT 2011"]
[Source "ChessBase"]
[SourceDate "2010.11.26"]
[SourceVersion "1"]
[SourceVersionDate "2010.11.26"]
[SourceQuality "1"]

1. e4 d5 2. d4 dxe4 3. Nc3 Nf6 4. f3 exf3 5. Nxf3 Bg4 6. h3 Bh5 7. g4 Bg6 8. Ne5 e6 9. Bg2 c6 10. h4 Bb4 11. 0-0 Bxc2 12. Qd2 0-0 13. g5 Ne4 14. Qxc2 Qxd4+ 15. Kh2 Nxc3 16. Bf4 Nd5 17. Rad1 Qc5 18. Qe4 Ba5 19. Nd3 Qe7 20. Bg3 Bc7 21. Bxc7 Qxc7+ 22. Kh1 Nd7 23. h5 Rae8 24. Rde1 Qg3 25. Rf3 Qxg5 26. Rg1 f5 27. Qa4 N7f6 28. Rh3 Ng4 29. Qxa7 Nf4 30. Nxf4 Qxf4 31. Rf1 Qc7 32. Bf3 Ra8 33. Qd4 e5 34. Qb4 e4 35. Be2 Ne5 36. a3 c5 37. Qc3 c4 38. Rg1 f4 39. h6 g6 40. Rg5 Rae8 41. b3 b5 42. a4 e3 43. axb5 f3 44. Bxc4+ Nxc4 45. bxc4 f2 46. Rxg6+ hxg6 47. h7+ Qxh7 0-1

[Event "Brest op"]
[Site "Brest"]
[Date "2010.04.03"]
[Round "2.2"]
[White "Baudin, Frederic"]
[Black "Fournel, Didier"]
[Result "1/2-1/2"]
[WhiteElo "2089"]
[BlackElo "1725"]
[PlyCount "59"]
[EventDate "2010.04.03"]
[EventType "swiss"]
[EventRounds "7"]
[EventCountry "FRA"]
[SourceTitle "EXT 2014"]
[Source "ChessBase"]
[SourceDate "2013.11.20"]
[SourceVersion "1"]
[SourceVersionDate "2013.11.20"]
[SourceQuality "1"]

1. e4 e6 2. d4 d5 3. Nc3 dxe4 4. Nxe4 Bd7 5. Nf3 Bc6 6. Bd3 Nd7 7. Qe2 Ngf6 8. Bg5 Be7 9. h4 Nxe4 10. Bxe4 Bxe4 11. Qxe4 c6 12. 0-0-0 Nf6 13. Qe2 Qc7 14. Ne5 0-0 15. g4 c5 16. Bxf6 Bxf6 17. g5 Be7 18. dxc5 Rad8 19. Nd3 Bxc5 20. h5 Rd5 21. g6 h6 22. Rhg1 Qe7 23. Rde1 Bb6 24. Rg2 Rf5 25. f4 Bc7 26. gxf7+ R8xf7 27. Ne5 Bxe5 28. fxe5 Rg5 29. Rf1 Rxg2 30. Rxf7 1/2-1/2

[Event "Brest op"]
[Site "Brest"]
[Date "2009.04.12"]
[Round "4"]
[White "Baudin, Frederic"]
[Black "Serralta, Michel"]
[Result "0-1"]
[WhiteElo "2089"]
[BlackElo "2125"]
[PlyCount "84"]
[EventDate "2009.04.11"]
[EventType "swiss"]
[EventRounds "7"]
[EventCountry "FRA"]
[SourceTitle "EXT 2011"]
[Source "ChessBase"]
[SourceDate "2010.11.26"]
[SourceVersion "1"]
[SourceVersionDate "2010.11.26"]
[SourceQuality "1"]

1. d4 Nf6 2. Nc3 d5 3. Bg5 h6 4. Bxf6 exf6 5. e3 c6 6. Qf3 Bd6 7. Nge2 f5 8. Ng3 g6 9. h4 h5 10. Bd3 Nd7 11. Nge2 Nf6 12. Nf4 Ne4 13. Nce2 Qb6 14. 0-0-0 Qa5 15. Kb1 b5 16. Bxe4 fxe4 17. Qg3 Bf5 18. f3 0-0-0 19. Qf2 exf3 20. gxf3 Qc7 21. Nd3 a5 22. Nef4 Rhe8 23. Qd2 Qb6 24. Rhe1 Re7 25. Re2 Rde8 26. Rde1 b4 27. Ka1 Qb5 28. Ng2 a4 29. Ndf4 b3 30. c3 bxa2 31. Rd1 Bxf4 32. Nxf4 Qb3 33. Rde1 a3 34. Qd1 Rb7 35. Rd2 Kd7 36. Ree2 Kc8 37. Re1 Kb8 38. Ree2 Ka8 39. Re1 Reb8 40. Ree2 Qc4 41. Ng2 axb2+ 42. Rxb2 Qxe2 0-1

[Event "FRA-chT3 Gr06 0607"]
[Site "France"]
[Date "2007.03.18"]
[Round "7.2"]
[White "Baudin, Frederic"]
[Black "Leroy, Olivier"]
[Result "1/2-1/2"]
[WhiteElo "2118"]
[BlackElo "2039"]
[PlyCount "61"]
[EventDate "2006.10.15"]
[EventType "team"]
[EventRounds "9"]
[EventCountry "FRA"]
[SourceTitle "EXT 2008"]
[Source "ChessBase"]
[SourceDate "2007.11.25"]
[SourceVersion "1"]
[SourceVersionDate "2007.11.25"]
[SourceQuality "1"]
[WhiteTeam "Brest"]
[BlackTeam "Cherbourg Octeville"]
[WhiteTeamCountry "FRA"]
[BlackTeamCountry "FRA"]

1. d4 Nf6 2. Nc3 c5 3. Bg5 cxd4 4. Qxd4 Qa5 5. Nf3 Nc6 6. Qd2 h6 7. Bxf6 gxf6 8. e4 Bg7 9. Bc4 f5 10. exf5 Qxf5 11. 0-0 Rg8 12. Qd5 Qxd5 13. Nxd5 Kd8 14. c3 b6 15. Rfd1 Bb7 16. Kf1 e6 17. Ne3 Ke7 18. Re1 Kf8 19. Rad1 Rd8 20. Rd6 Ne5 21. Be2 Nxf3 22. Bxf3 Bxf3 23. gxf3 Be5 24. Rd3 h5 25. h3 Bc7 26. c4 Rg5 27. Red1 Ke7 28. b3 b5 29. Re1 Kf8 30. Red1 Ke7 31. Re1 1/2-1/2

[Event "FRA-chT3 Gr06 0607"]
[Site "France"]
[Date "2007.02.11"]
[Round "6.2"]
[White "Annetti, Laurent"]
[Black "Baudin, Frederic"]
[Result "0-1"]
[WhiteElo "1950"]
[BlackElo "2118"]
[PlyCount "54"]
[EventDate "2006.10.15"]
[EventType "team"]
[EventRounds "9"]
[EventCountry "FRA"]
[SourceTitle "EXT 2008"]
[Source "ChessBase"]
[SourceDate "2007.11.25"]
[SourceVersion "1"]
[SourceVersionDate "2007.11.25"]
[SourceQuality "1"]
[WhiteTeam "Queven"]
[BlackTeam "Brest"]
[WhiteTeamCountry "FRA"]
[BlackTeamCountry "FRA"]

1. e4 e5 2. Nf3 f5 3. Nc3 Nf6 4. Bc4 fxe4 5. Nxe5 d5 6. Nxd5 Nxd5 7. Qh5+ g6 8. Nxg6 hxg6 9. Qxh8 Qf6 10. Qxf6 Nxf6 11. d3 Bf5 12. Bf4 exd3 13. c3 Nc6 14. Bxc7 Kd7 15. Bf4 Re8+ 16. Be3 Bc5 17. 0-0-0 Rxe3 18. fxe3 Bxe3+ 19. Kb1 d2+ 20. Ka1 Bc2 21. Rdf1 Ng4 22. Be2 Nf2 23. Rxf2 Bxf2 24. Rf1 Be1 25. b3 Ne5 26. Kb2 Bd3 27. Bxd3 d1Q 0-1

[Event "FRA-chT3 Gr06 0607"]
[Site "France"]
[Date "2006.11.25"]
[Round "2.1"]
[White "Baudin, Frederic"]
[Black "Caroff, Frederic"]
[Result "1/2-1/2"]
[WhiteElo "2123"]
[BlackElo "2057"]
[PlyCount "49"]
[EventDate "2006.10.15"]
[EventType "team"]
[EventRounds "9"]
[EventCountry "FRA"]
[SourceTitle "EXT 2008"]
[Source "ChessBase"]
[SourceDate "2007.11.25"]
[SourceVersion "1"]
[SourceVersionDate "2007.11.25"]
[SourceQuality "1"]
[WhiteTeam "Brest"]
[BlackTeam "Lesneven"]
[WhiteTeamCountry "FRA"]
[BlackTeamCountry "FRA"]

1. d4 Nf6 2. Nc3 d5 3. e4 dxe4 4. f3 exf3 5. Nxf3 Bg4 6. h3 Bxf3 7. Qxf3 c6 8. Be3 e6 9. Bd3 Nbd7 10. 0-0 Qc7 11. Ne4 Be7 12. c3 0-0-0 13. Kh1 Nxe4 14. Qxe4 Nf6 15. Qf3 h6 16. Bg1 Rhf8 17. a4 Rd5 18. c4 Rg5 19. Be3 Rg3 20. Qf2 Nh5 21. Be2 Bg5 22. Bxg5 Rxg5 23. Bxh5 Rxh5 24. Qe2 Rf5 25. Rxf5 1/2-1/2

[Event "FRA-chT3 Gr06 0607"]
[Site "France"]
[Date "2006.10.15"]
[Round "1.1"]
[White "Le Goff, Damien"]
[Black "Baudin, Frederic"]
[Result "1-0"]
[WhiteElo "2227"]
[BlackElo "2123"]
[PlyCount "31"]
[EventDate "2006.10.15"]
[EventType "team"]
[EventRounds "9"]
[EventCountry "FRA"]
[SourceTitle "EXT 2008"]
[Source "ChessBase"]
[SourceDate "2007.11.25"]
[SourceVersion "1"]
[SourceVersionDate "2007.11.25"]
[SourceQuality "1"]
[WhiteTeam "Douarnenez"]
[BlackTeam "Brest"]
[WhiteTeamCountry "FRA"]
[BlackTeamCountry "FRA"]

1. e4 e5 2. Nc3 Nc6 3. g3 Bc5 4. Bg2 d6 5. Nge2 f5 6. d3 f4 7. Nd5 Nf6 8. gxf4 0-0 9. c3 Ng4 10. d4 Qh4 11. Rf1 Qxh2 12. Bf3 Bb6 13. Nxb6 axb6 14. d5 Ne7 15. f5 Qh3 16. Ng1 1-0

[Event "FRA-chT3 0405"]
[Site "France"]
[Date "2005.04.04"]
[Round "7.1"]
[White "Le Thomas, Yannick"]
[Black "Baudin, Frederic"]
[Result "1/2-1/2"]
[WhiteElo "2014"]
[BlackElo "2141"]
[PlyCount "29"]
[EventDate "2004.10.10"]
[EventType "team"]
[EventRounds "9"]
[EventCountry "FRA"]
[SourceTitle "EXT 2007"]
[Source "ChessBase"]
[SourceDate "2006.11.23"]
[SourceVersion "1"]
[SourceVersionDate "2006.11.23"]
[SourceQuality "1"]

1. e4 e5 2. Nf3 Nc6 3. Bc4 Nf6 4. d4 exd4 5. e5 d5 6. Bb5 Ne4 7. Nxd4 Bc5 8. 0-0 0-0 9. Bxc6 bxc6 10. Be3 f6 11. Nxc6 Qd7 12. Bxc5 Nxc5 13. Qxd5+ Qxd5 14. Ne7+ Kf7 15. Nxd5 1/2-1/2

[Event "FRA-chT2W 0203"]
[Site "France"]
[Date "2003.03.15"]
[Round "8"]
[White "Gollain, Marc"]
[Black "Baudin, Frederic"]
[Result "1/2-1/2"]
[WhiteElo "2188"]
[BlackElo "2131"]
[PlyCount "31"]
[EventDate "2002.10.??"]
[EventType "team"]
[EventRounds "11"]
[EventCountry "FRA"]
[SourceTitle "EXT 2004"]
[Source "ChessBase"]
[SourceDate "2003.11.25"]
[SourceVersion "1"]
[SourceVersionDate "2003.11.25"]
[SourceQuality "1"]
[WhiteTeam "Bagneux"]
[BlackTeam "Brest"]
[WhiteTeamCountry "FRA"]
[BlackTeamCountry "FRA"]

1. e4 e5 2. Nf3 Nc6 3. Bb5 f5 4. Nc3 fxe4 5. Nxe4 Nf6 6. Nxf6+ Qxf6 7. d4 Nxd4 8. Nxd4 exd4 9. 0-0 Be7 10. Qh5+ Qf7 11. Qe5 c6 12. Bd3 Qf6 13. Qh5+ Qf7 14. Qe5 Qf6 15. Qh5+ Qf7 16. Qe5 1/2-1/2

[Event "FRA-chT2W 0203"]
[Site "France"]
[Date "2003.02.02"]
[Round "7"]
[White "Rihouay, Clement"]
[Black "Baudin, Frederic"]
[Result "1-0"]
[WhiteElo "2097"]
[BlackElo "2131"]
[PlyCount "79"]
[EventDate "2002.10.??"]
[EventType "team"]
[EventRounds "11"]
[EventCountry "FRA"]
[SourceTitle "EXT 2004"]
[Source "ChessBase"]
[SourceDate "2003.11.25"]
[SourceVersion "1"]
[SourceVersionDate "2003.11.25"]
[SourceQuality "1"]
[WhiteTeam "Nantes"]
[BlackTeam "Brest"]
[WhiteTeamCountry "FRA"]
[BlackTeamCountry "FRA"]

1. e4 e5 2. Nf3 Nc6 3. Bb5 f5 4. Nc3 fxe4 5. Nxe4 d5 6. Nxe5 dxe4 7. Nxc6 Qg5 8. Qe2 Nf6 9. f4 Qxf4 10. Ne5+ c6 11. d4 Qh4+ 12. g3 Qh3 13. Bc4 Be6 14. Bf4 Bd6 15. 0-0-0 0-0-0 16. Bxe6+ Qxe6 17. Kb1 Rhe8 18. Rhe1 h6 19. Nd3 Qf7 20. Ne5 Qe6 21. h4 Qg8 22. h5 Qe6 23. Rg1 Re7 24. g4 c5 25. Ng6 Red7 26. Ne5 Bxe5 27. Bxe5 cxd4 28. Bxf6 gxf6 29. Rde1 Re8 30. Rgf1 a6 31. Rf4 Rde7 32. Ref1 d3 33. cxd3 exd3 34. Qxd3 Rd7 35. Qf5 Qxf5+ 36. Rxf5 Re2 37. R5f2 Rdd2 38. Rxe2 Rxe2 39. Rxf6 Rg2 40. Rg6 1-0

[Event "FRA-chT2W 0203"]
[Site "France"]
[Date "2003.01.19"]
[Round "6"]
[White "Baudin, Frederic"]
[Black "Guillon, Cyril"]
[Result "1/2-1/2"]
[WhiteElo "2131"]
[BlackElo "2212"]
[PlyCount "44"]
[EventDate "2002.10.??"]
[EventType "team"]
[EventRounds "11"]
[EventCountry "FRA"]
[SourceTitle "EXT 2004"]
[Source "ChessBase"]
[SourceDate "2003.11.25"]
[SourceVersion "1"]
[SourceVersionDate "2003.11.25"]
[SourceQuality "1"]
[WhiteTeam "Brest"]
[BlackTeam "Evry II"]
[WhiteTeamCountry "FRA"]
[BlackTeamCountry "FRA"]

1. e4 c5 2. c3 Nf6 3. e5 Nd5 4. d4 cxd4 5. cxd4 Nc6 6. Nf3 d6 7. Bc4 dxe5 8. Bxd5 Qxd5 9. Nc3 Qd6 10. d5 Nd4 11. Nxd4 exd4 12. Qxd4 e5 13. Qd3 Bd7 14. 0-0 Be7 15. f4 0-0 16. fxe5 Qxe5 17. Bf4 Bc5+ 18. Kh1 Qh5 19. Rae1 Rfe8 20. Rxe8+ Rxe8 21. a3 a6 22. Qd2 Qg4 1/2-1/2

[Event "FRA-chT2W 0203"]
[Site "France"]
[Date "2002.12.08"]
[Round "4"]
[White "Baudin, Frederic"]
[Black "Heurtebize, Christophe"]
[Result "1-0"]
[WhiteElo "2133"]
[BlackElo "2153"]
[PlyCount "59"]
[EventDate "2002.10.??"]
[EventType "team"]
[EventRounds "11"]
[EventCountry "FRA"]
[SourceTitle "EXT 2004"]
[Source "ChessBase"]
[SourceDate "2003.11.25"]
[SourceVersion "1"]
[SourceVersionDate "2003.11.25"]
[SourceQuality "1"]
[WhiteTeam "Brest"]
[BlackTeam "Le Mans"]
[WhiteTeamCountry "FRA"]
[BlackTeamCountry "FRA"]

1. e4 c5 2. c3 d5 3. exd5 Qxd5 4. d4 e6 5. Nf3 Nf6 6. Bd3 Be7 7. 0-0 0-0 8. c4 Qd8 9. dxc5 Bxc5 10. Nc3 Nc6 11. Qe2 e5 12. Rd1 Nd4 13. Qxe5 Nxf3+ 14. gxf3 Qb6 15. Na4 Bxf2+ 16. Kg2 Qc6 17. Kxf2 Qxa4 18. Rg1 Qc6 19. Bh6 Ng4+ 20. Rxg4 Qxh6 21. Rxg7+ Qxg7 22. Rg1 Qxg1+ 23. Kxg1 f6 24. Qg3+ Kh8 25. Qc7 f5 26. Qe5+ Kg8 27. c5 Kf7 28. Bc4+ Kg6 29. h4 h6 30. Qe7 1-0

[Event "FRA-chT2W 0203"]
[Site "France"]
[Date "2002.10.13"]
[Round "1"]
[White "Garzon, Yoann"]
[Black "Baudin, Frederic"]
[Result "1/2-1/2"]
[WhiteElo "2151"]
[BlackElo "2133"]
[PlyCount "62"]
[EventDate "2002.10.??"]
[EventType "team"]
[EventRounds "11"]
[EventCountry "FRA"]
[SourceTitle "EXT 2004"]
[Source "ChessBase"]
[SourceDate "2003.11.25"]
[SourceVersion "1"]
[SourceVersionDate "2003.11.25"]
[SourceQuality "1"]
[WhiteTeam "Rennes"]
[BlackTeam "Brest"]
[WhiteTeamCountry "FRA"]
[BlackTeamCountry "FRA"]

1. e4 e5 2. Nf3 Nc6 3. Bb5 f5 4. d4 fxe4 5. Bxc6 dxc6 6. Nxe5 Qh4 7. Qe2 Be6 8. Be3 Nf6 9. Nd2 Be7 10. 0-0-0 0-0-0 11. h3 h6 12. g3 Qh5 13. Qxh5 Nxh5 14. Ng6 Rhe8 15. g4 Nf6 16. Nxe7+ Rxe7 17. g5 hxg5 18. c3 Rh8 19. Bxg5 Rxh3 20. Nxe4 Rxh1 21. Rxh1 Bd5 22. Rh8+ Re8 23. Rxe8+ Nxe8 24. Nd2 Nd6 25. b3 Ne4 26. Nxe4 Bxe4 27. Kd2 Kd7 28. c4 Bb1 29. Kc3 Be4 30. Bh4 Bb1 31. Bg5 Be4 1/2-1/2

[Event "NATO-ch 13th"]
[Site "Brest"]
[Date "2002.10.08"]
[Round "2.10"]
[White "Parker, Glen"]
[Black "Baudin, Frederic"]
[Result "0-1"]
[WhiteElo "1928"]
[BlackElo "2133"]
[PlyCount "38"]
[EventDate "2002.10.07"]
[EventType "swiss"]
[EventRounds "7"]
[EventCountry "FRA"]
[SourceTitle "EXT 2003"]
[Source "ChessBase"]
[SourceDate "2002.11.25"]
[SourceVersion "1"]
[SourceVersionDate "2002.11.25"]
[SourceQuality "1"]

1. e4 e5 2. Nf3 Nc6 3. Bc4 Nf6 4. 0-0 Nxe4 5. Bd5 Nf6 6. Bxc6 dxc6 7. Nxe5 Be6 8. d3 Bc5 9. Nd2 Qd5 10. Ndf3 0-0-0 11. c4 Qd6 12. b4 Bd4 13. c5 Qd5 14. Nxd4 Qxd4 15. Nxc6 bxc6 16. Be3 Qxd3 17. Qa4 Bd5 18. Rfe1 Qg6 19. g3 Qe4 0-1

[Event "FRA-chT2"]
[Site "France"]
[Date "2002.01.??"]
[Round "6"]
[White "Mietlicki, Richard"]
[Black "Baudin, Frederic"]
[Result "1-0"]
[WhiteElo "2122"]
[BlackElo "2140"]
[PlyCount "61"]
[EventDate "2002.??.??"]
[EventType "team"]
[EventRounds "11"]
[EventCountry "FRA"]
[SourceTitle "EXT 2003"]
[Source "ChessBase"]
[SourceDate "2002.11.25"]
[SourceVersion "1"]
[SourceVersionDate "2002.11.25"]
[SourceQuality "1"]

1. Nf3 Nf6 2. g3 c5 3. Bg2 Nc6 4. d4 e6 5. 0-0 d5 6. c4 Be7 7. cxd5 Nxd5 8. dxc5 Bxc5 9. e4 Nf6 10. Qxd8+ Nxd8 11. Ne5 0-0 12. Rd1 Nc6 13. Nxc6 bxc6 14. h3 Ba6 15. Nc3 Rfd8 16. Bg5 h6 17. Bxf6 gxf6 18. Bf1 Bxf1 19. Kxf1 Rac8 20. Na4 Bd4 21. Rac1 Rd6 22. Rc4 Rcd8 23. Rdc1 Rc8 24. Ke2 Kg7 25. b4 a6 26. R1c2 Rb8 27. a3 Rc8 28. Nc5 Kg6 29. Nb7 Rd7 30. Na5 Rd6 31. Nxc6 1-0

[Event "NATO-ch 10th"]
[Site "Stetten"]
[Date "1999.09.16"]
[Round "6.6"]
[White "Baudin, Frederic"]
[Black "Ianniello, Riccardo"]
[Result "0-1"]
[WhiteElo "2183"]
[BlackElo "2350"]
[PlyCount "74"]
[EventDate "1999.09.13"]
[EventType "swiss"]
[EventRounds "7"]
[EventCountry "GER"]
[SourceTitle "EXT 2008"]
[Source "ChessBase"]
[SourceDate "2007.11.25"]
[SourceVersion "1"]
[SourceVersionDate "2007.11.25"]
[SourceQuality "1"]

1. e4 e6 2. d4 d5 3. e5 c5 4. c3 Nc6 5. Nf3 Nge7 6. Bd3 cxd4 7. cxd4 Nf5 8. Bxf5 exf5 9. Nc3 Be6 10. 0-0 Be7 11. Be3 0-0 12. Qe2 Rc8 13. Rad1 h6 14. Ne1 Na5 15. f4 Qd7 16. Kh1 Nc4 17. Bc1 Rc6 18. h3 g6 19. Rg1 h5 20. Nf3 Kg7 21. Ng5 Rh8 22. Rd3 a6 23. Be3 b5 24. Bf2 Bxg5 25. fxg5 Rhc8 26. Be3 Nb6 27. Qf3 b4 28. Nd1 Rc2 29. Rf1 Qb5 30. Bf4 a5 31. Bh2 Nc4 32. Rf2 Rxf2 33. Qxf2 Nd6 34. Qe2 Ne4 35. Bf4 Qc4 36. b3 Qc2 37. Re3 Qxe2 0-1